Bike Ambulance Dada - The Inspiring Story of Karimul Hak The Man Who Saved over 4000 Lives (Record no. 96697)

MARC details
000 -LEADER
fixed length control field 00653nam a2200229Ia 4500
005 - DATE AND TIME OF LATEST TRANSACTION
control field 20230328133803.0
008 - FIXED-LENGTH DATA ELEMENTS--GENERAL INFORMATION
fixed length control field 230125s9999 xx 000 0 und d
020 ## - INTERNATIONAL STANDARD BOOK NUMBER
International Standard Book Number 978-0-143-44982-9
041 ## - LANGUAGE CODE
Language code of text/sound track or separate title eng
082 ## - DEWEY DECIMAL CLASSIFICATION NUMBER
Classification number 920.71
Item number JHA
100 ## - MAIN ENTRY--PERSONAL NAME
Author Jha B
245 ## - TITLE STATEMENT
Title Bike Ambulance Dada - The Inspiring Story of Karimul Hak The Man Who Saved over 4000 Lives
250 ## - EDITION STATEMENT
Edition statement 1st Ed.
260 ## - PUBLICATION, DISTRIBUTION, ETC.
Date of publication, distribution, etc. 2021
Name of publisher, distributor, etc. Penguin Random House India
Place of publication, distribution, etc. New Delhi
300 ## - PHYSICAL DESCRIPTION
Extent 256p
500 ## - GENERAL NOTE
Keywords Biography;Biography-Men
650 ## - SUBJECT ADDED ENTRY--TOPICAL TERM
Topical term or geographic name entry element Biography;Biography-Men
700 ## - ADDED ENTRY--PERSONAL NAME
Personal name Jha B
942 ## - ADDED ENTRY ELEMENTS (KOHA)
Koha item type Books
906 ## - LOCAL DATA ELEMENT F, LDF (RLIN)
b 62.5
Holdings
Withdrawn status Lost status Damaged status Not for loan Home library Current library Date acquired Vendor Net Price Bill number Total Checkouts Full call number Barcode Date last seen Actual Price Bill Date Koha item type Original Barcode Date last checked out
        Smt. Hiraben Nanavati Institute of Management & Research for Women Smt. Hiraben Nanavati Institute of Management & Research for Women 13/03/2021 Forward Books 250.00 11380   920.71 JHA B21526 HIMR-BK-21526 25/01/2023 187.50 12/03/2021 Books B21526  
        Smt. Hiraben Nanavati Institute of Management & Research for Women Smt. Hiraben Nanavati Institute of Management & Research for Women 13/03/2021 Forward Books 250.00 11380 2 920.71 JHA B21527 HIMR-BK-21527 06/03/2024 187.50 12/03/2021 Books B21527 28/02/2024